Natural history of the prairie dog in Kansas /

Saved in:
Bibliographic Details
Main Author: Smith, Ronald E.
Format: Book
Language:English
Published: [Lawrence] : Museum of Natural History, University of Kansas, [1967]
Series:Miscellaneous publication (University of Kansas. Museum of Natural History) ; no. 49.
Subjects:

MARC

LEADER 00000nam a22000001 4500
001 000259607
005 20260604030122.7
008 710404s1967 ksuab b 000 0 eng
035 |a (OCoLC)997025 
035 |a (ndu)000259607 
040 |d UtOrBLW 
049 |a INDU 
050 0 4 |a QL737.R68  |b S6 1967 
082 0 |a 599.3/23 
090 |a QL737.R68  |b S6 
100 1 |a Smith, Ronald E.  |0 http://id.loc.gov/authorities/names/n83186094 
245 1 0 |a Natural history of the prairie dog in Kansas /  |c by Ronald E. Smith. 
260 |a [Lawrence] :  |b Museum of Natural History, University of Kansas,  |c [1967] 
300 |a 39 pages :  |b illustrations, maps ;  |c 23 cm. 
336 |a text  |b txt  |2 rdacontent  |0 http://rdaregistry.info/termList/RDAContentType/1020 
337 |a unmediated  |b n  |2 rdamedia  |0 http://rdaregistry.info/termList/RDAMediaType/1007 
338 |a volume  |b nc  |2 rdacarrier  |0 http://rdaregistry.info/termList/RDACarrierType/1049 
340 |p map  |2 rdaill  |0 http://rdaregistry.info/termList/IllusContent/1008 
340 |p illustration  |2 rdaill  |0 http://rdaregistry.info/termList/IllusContent/1014 
490 1 |a Miscellaneous publication / University of Kansas. Museum of Natural History ;  |v no. 49 
504 |a Bibliography: p. 35-36. 
650 0 |a Prairie dogs.  |0 http://id.loc.gov/authorities/subjects/sh85106066 
650 7 |a Prairie dogs.  |2 fast  |0 (OCoLC)fst01074595 
830 0 |a Miscellaneous publication (University of Kansas. Museum of Natural History) ;  |v no. 49.  |0 http://id.loc.gov/authorities/names/n42016646 
902 |a OCLC Data Sync  |a OCLC number correction  |d 20241122 
902 |a MARS 
999 f f |i dc48fe1d-2450-55b7-b53c-676a9f2bcdac  |s 0aca2765-a044-48c2-8f9c-96f00451c8c7  |t 0 
952 f f |p Circulating  |a University of Notre Dame  |b University of Notre Dame  |c Annex  |s Annex  |d Annex  |t 0  |e QL 737 .R68 S6  |h Library of Congress classification  |i Book  |m 00000002499606